Kis Szláv lexikográfia

Bibliographic Details
Format: Book
Language:Hungarian
PhysicalDescription:221 s. 20 cm
Published: Budapest ELTE BTK 2004
ISBN:963463768X (brož.)
ISSN:1785-9808
Series:Opera Slavica Budapestinensia. Linguae Slavicae
Subjects:

MARC

LEADER 00000nam a2200000 a 4500
001 vtls009007497
003 SK-MaSNL
005 20260301045651.0
008 160830s2004 hu g 000 0 hun
020 |a 963463768X (brož.) 
035 |a BBD327D7-A9E5-4A4F-88B1-15F330839E2F 
035 |a urn:nbn:sk:snk-amjemp 
035 |a urn:nbn:sk:snk-am0011gj 
040 |a SNK  |b slo  |c SNK  |e AACR2 
041 0 |a hun 
044 |a hu  |c HU 
072 7 |a 81  |x Lingvistika. Jazyky  |2 konspekt 
080 |a 81`374  |2 2001 
080 |a 821.16  |2 2001 
080 |a (048.8)  |2 2001 
245 0 0 |a Kis Szláv lexikográfia  |c szerkesztette Nyomárkay István és Vig István 
260 |a Budapest  |b ELTE BTK  |c 2004 
300 |a 221 s.  |c 20 cm 
490 1 |a Opera Slavica Budapestinensia.  |a Linguae Slavicae  |x 1785-9808 
500 |a Na obale Cathedra Philologiae Slavicae 
650 0 7 |a slovanské literatúry  |2 SNKPH  |9 3630 
650 0 7 |a lexikografia  |2 SNKPH  |9 867 
650 0 7 |a Slavic literature  |2 SNKPHeng  |9 274089 
650 0 7 |a Lexicography  |2 SNKPHeng  |9 333571 
655 7 |a štúdie  |2 SNKPH  |9 57033 
655 7 |a Studies  |2 SNKPHeng  |9 265573 
700 1 |a Nyomárkay, István  |4 red  |9 354038 
700 1 |a Vig, István  |4 red  |9 354039 
830 0 |a Opera Slavica Budapestinensia.  |a Linguae Slavicae  |x 1785-9808  |9 354040 
919 |a 963-463-768-X 
958 |a OND 
999 |c 599041  |d 600971 
952 |a SNK  |b SNK  |y PREZ  |7 0  |p 17A0509520  |o snkSD 76697  |i snk2007/17404  |8 1  |0 0  |1 0  |4 0  |d 2007-07-16  |l 0  |r 2025-11-25 00:00:00  |w 2026-02-23 
952 |a SNK  |b SNK  |y VYP  |7 0  |p 17A0586932  |o snkSD 76697 D1  |i snk2008/9249  |8 1  |0 0  |1 0  |4 0  |d 2008-04-24  |f 1  |l 0  |r 2017-06-30 00:00:00  |w 2026-02-23